|
|
|
|
| LEADER |
00000cam a2200000 7i4500 |
| 001 |
0000007670 |
| 005 |
20151222.0 |
| 008 |
070905 |
| 020 |
|
|
|a 0716663856
|
| 090 |
0 |
0 |
|a SC
|b ENG
|
| 245 |
0 |
0 |
|a Young scientist :
|b volume 4
|
| 260 |
|
|
|a U.S.A :
|b World Book Inc ,
|c 2001
|
| 500 |
|
|
|a Children ages 10-12 years old (pink)
|
| 650 |
|
0 |
|a Light and electricity
|x Juvenile literature
|
| 650 |
|
0 |
|a Magnetic power
|x Juvenile literature
|
| 710 |
0 |
|
|a Title
|
| 999 |
|
|
|a 0000105374
|b Book
|c Children Collection
|e Cawangan Bukit Gambir
|
| 999 |
|
|
|a 0000990705
|b Book
|c REFERENCE
|e Cawangan Segamat
|
| 999 |
|
|
|a 0000990706
|b Book
|c Children Collection
|e Cawangan Bandar Penawar
|
| 999 |
|
|
|a 0000990707
|b Book
|c Children Collection
|e Cawangan Bandar Penawar
|
| 999 |
|
|
|a 0000990708
|b Book
|c Children Collection
|e Perbadanan Perpustakaan Awam Johor
|
| 999 |
|
|
|a 0000990709
|b Book
|c REFERENCE
|e Perbadanan Perpustakaan Awam Johor
|
| 999 |
|
|
|a 0001053741
|b Book
|c Children Collection
|e Cawangan Batu Pahat
|
| 999 |
|
|
|a 0001053743
|b Book
|c Children Collection
|e Cawangan Bukit Gambir
|